Powiaty w Polsce z największą liczbą miast - Statystyki

Ogólne statystyki
  • Ten quiz został rozwiązany 16 razy
  • Średni wynik to 9 z 15
Statystyki odpowiedzi
Liczba Miast Województwo Powiat % Poprawnych
9 podlaskie białostocki
87%
10 świętokrzyskie kielecki
87%
10 wielkopolskie poznański
87%
6 podkarpackie rzeszowski
73%
11 dolnośląskie kłodzki
67%
7 małopolskie tarnowski
67%
6 kujawsko-pomorskie włocławski
60%
6 lubelskie puławski
53%
9 mazowieckie miński
47%
6 lubelskie biłgorajski
40%
6 zachodniopomorskie gryfiński
40%
7 wielkopolskie pilski
40%
6 świętokrzyskie staszowski
40%
8 mazowieckie wołomiński
40%
7 śląskie zawierciański
27%
Nie znaleziono quizów pasujących do podanych kryteriów
Rozkład punktacji
Procent ludzi z każdym wynikiem
Percentyl według liczby udzielonych odpowiedzi
Twoja historia wyników
Nie rozwiązałeś tego quizu